Energy and the chemical sciences: The 1977 Karcher symposium (Record no. 32030)

MARC details
000 -LEADER
fixed length control field 00397nam a2200145Ia 4500
082 ## - DEWEY DECIMAL CLASSIFICATION NUMBER
Classification number 620.91 + 66
Item number CHR
245 #0 - TITLE STATEMENT
Title Energy and the chemical sciences: The 1977 Karcher symposium
260 ## - PUBLICATION, DISTRIBUTION, ETC. (IMPRINT)
Place of publication New York
Name of publisher Pergamon
Year of publication 1978
650 ## - SUBJECT ADDED ENTRY--TOPICAL TERM
Topical Term Chemcial science
650 ## - SUBJECT ADDED ENTRY--TOPICAL TERM
Topical Term Energy
700 ## - ADDED ENTRY--PERSONAL NAME
Personal name Christian, S D
700 ## - ADDED ENTRY--PERSONAL NAME
Personal name Zuckerman, J J
942 ## - ADDED ENTRY ELEMENTS (KOHA)
Koha item type Books
Holdings
Withdrawn status Lost status Damaged status Not for loan Home library Current library Date acquired Cost, normal purchase price Full call number Accession Number Koha item type
        RRII Library RRII Library 16/12/2021 19.50 620.91 + 66 CHR 12556 Books